000 00694nam a2200253Ia 4500
003 OSt
005 20220926011154.0
006 a|||||r|||| 00| 0
007 ta
008 220923b |||||||| |||| 00| 0 eng d
037 _cGeneral Book
040 _aRTL
_cRTL
_beng
041 _2eng
_aeng
082 _aX6, H8; J3
100 _aHart Albert Gailord
_9266798
245 0 _aMoney, debt, and economic activity
250 _a2
260 _aNew Jersey
_bPrentice-Hall
_c1953
300 _axx, 540p
_ccm.
500 _aAppendix: P 503-28
650 _aEssays on Credit
_9233190
942 _hX6, H8; J3
_cGB
_2CC
999 _c619270
_d619270